[Event "GRE-chT 45th"]
[Site "Achaia"]
[Date "2017.07.05"]
[Round "4.13"]
[White "Anthopoulou, Ioanna"]
[Black "Ntala, Konstantina"]
[Result "1-0"]
[WhiteElo "1333"]
[BlackElo "1132"]
[PlyCount "111"]
[EventDate "2017.07.03"]
[EventType "team-swiss"]
[EventRounds "7"]
[EventCountry "GRE"]
[SourceTitle "CBM 179 Extra"]
[Source "ChessBase"]
[SourceDate "2017.08.23"]
[SourceVersion "1"]
[SourceVersionDate "2017.08.23"]
[SourceQuality "1"]
[WhiteTeam "Korinthias Argonaftis"]
[BlackTeam "New Filadelfeias"]
[WhiteTeamCountry "GRE"]
[BlackTeamCountry "GRE"]

1. e4 e5 2. Nf3 Nc6 3. Bb5 Bc5 4. 0-0 Nd4 5. Nxd4 Bxd4 6. c3 Bb6 7. d3 c6 8. Ba4 d6 9. Nd2 Nf6 10. h3 0-0 11. Re1 Re8 12. Nf1 h6 13. Ng3 Bd7 14. Bb3 d5 15. exd5 cxd5 16. Qf3 Bc6 17. Nf5 Qd7 18. Nxh6+ Kf8 19. Ng4 Nxg4 20. hxg4 Qd6 21. g5 Rad8 22. Qh3 Qg6 23. Bd2 Bc7 24. Rac1 Kg8 25. d4 exd4 26. Rxe8+ Rxe8 27. Bc2 Qd6 28. Qh7+ Kf8 29. g6 f6 30. Qh8+ Ke7 31. Qxg7+ Kd8 32. Qh6 Bd7 33. g7 Be6 34. Qxf6+ Kc8 35. g3 dxc3 36. Bxc3 Bg8 37. Bf5+ Kb8 38. Qg5 Bd8 39. Qd2 Bf6 40. Bb4 Qe5 41. Bg6 Rd8 42. Re1 Qc7 43. b3 Qxg7 44. Qf4+ Ka8 45. Bf5 Qg5 46. Qf3 Bf7 47. a4 d4 48. a5 Bd5 49. Be4 Bxe4 50. Qxe4 Qd5 51. Qxd5 Rxd5 52. Re8+ Bd8 53. Be7 Kb8 54. Bxd8 d3 55. Bb6+ Rd8 56. Rxd8# 1-0

[Event "GRE-chT 45th"]
[Site "Achaia"]
[Date "2017.07.04"]
[Round "2.12"]
[White "Papadopoulou, Marilena"]
[Black "Ntala, Konstantina"]
[Result "1/2-1/2"]
[WhiteElo "1229"]
[BlackElo "1132"]
[PlyCount "79"]
[EventDate "2017.07.03"]
[EventType "team-swiss"]
[EventRounds "7"]
[EventCountry "GRE"]
[SourceTitle "CBM 179 Extra"]
[Source "ChessBase"]
[SourceDate "2017.08.23"]
[SourceVersion "1"]
[SourceVersionDate "2017.08.23"]
[SourceQuality "1"]
[WhiteTeam "Peiraikos PG"]
[BlackTeam "New Filadelfeias"]
[WhiteTeamCountry "GRE"]
[BlackTeamCountry "GRE"]

1. e4 e5 2. Nf3 Nc6 3. Bc4 Nf6 4. d3 d5 5. exd5 Nxd5 6. Bb5 Bd6 7. Bxc6+ bxc6 8. Qe2 Qe7 9. Bd2 0-0 10. 0-0 Bg4 11. c4 Nf6 12. Nc3 c5 13. Rfe1 Rfe8 14. h3 Bh5 15. Ne4 Bg6 16. Nxf6+ Qxf6 17. Bc3 Qe7 18. Qe3 e4 19. dxe4 Bxe4 20. Nd2 Bg6 21. Qxe7 Bxe7 22. Nf3 Bd6 23. Rad1 f6 24. b3 Rxe1+ 25. Rxe1 a5 26. a4 Bc2 27. Nd2 Bf4 28. Rc1 Bxd2 29. Rxc2 Bxc3 30. Rxc3 Kf7 31. Kf1 Rd8 32. Ke2 Ke6 33. Re3+ Kf7 34. Rd3 Rd6 35. Rd5 Rxd5 36. cxd5 Ke7 37. Ke3 Kd6 38. Ke4 c6 39. dxc6 Kxc6 40. g3 1/2-1/2